000 00590nam a2200181Ii 4500
003 JO-AjNU
008 230605s9999||||xx |||||||||||||| ||und||
040 _aJO-AjNU
_bara
_erda
_cJO-AjNU
041 _aara
050 1 4 _aB741.A222
100 3 _aعبدان، الداعي القرمطي ؛ تحقيق تامر، عارف ,
_eauthor
_936665
245 0 0 _aكتاب شجرة اليقين
264 3 1 _aبيروت:دار الافاق الجديدة ،د.ت
300 _a165ص
336 _atext
_btxt
_2rdacontent
337 _aunmediated
_bn
_2rdamedia
338 _avolume
_bnc
_2rdacarrier
999 _aA15253
_c18821
_d18821